Southville International School and Colleges
Your cart is empty.
  • Cart
  • Lists
    Public lists Eva Luna New books Lux_list list_1
    Your lists Log in to create your own lists
  • Log in to your account
  • Your cookies
  • Search history
Southville International School and Colleges
  • Advanced search
  • Recent comments
  • Most popular
  • Libraries

Log in to your account

Log in with GOOGLE


If you do not have an external account, but do have a local account, you can still log in:

  1. Home
  2. MARC view: My brother sam is dead
Normal view MARC view ISBD view

My brother sam is dead (Record no. 11598)

[ view plain ]
MARC details
000 -LEADER
fixed length control field 01011cam a2200325 4500
001 - CONTROL NUMBER
control field 3622936
003 - CONTROL NUMBER IDENTIFIER
control field PILC
005 - DATE AND TIME OF LATEST TRANSACTION
control field 20160112123453.0
008 - FIXED-LENGTH DATA ELEMENTS--GENERAL INFORMATION
fixed length control field 740424s1974 nyua j 000 1 eng
010 ## - LIBRARY OF CONGRESS CONTROL NUMBER
LC control number 74008350
020 ## - INTERNATIONAL STANDARD BOOK NUMBER
International Standard Book Number 9780590427920
040 ## - CATALOGING SOURCE
Original cataloging agency DLC
Transcribing agency DLC
Modifying agency DLC
-- OCoLC
042 ## - AUTHENTICATION CODE
Authentication code lcac
043 ## - GEOGRAPHIC AREA CODE
Geographic area code n-us---
050 00 - LIBRARY OF CONGRESS CALL NUMBER
Classification number PZ 7
Item number .C678 1974
082 00 - DEWEY DECIMAL CLASSIFICATION NUMBER
Classification number FIC
Item number C69m 1974
100 1# - MAIN ENTRY--PERSONAL NAME
Personal name Collier, James Lincoln,
Dates associated with a name 1928-
9 (RLIN) 20708
245 10 - TITLE STATEMENT
Title My brother sam is dead
Statement of responsibility, etc James Lincoln Collier and Christopher Collier.
260 ## - PUBLICATION, DISTRIBUTION, ETC. (IMPRINT)
Place of publication, distribution, etc New York :
Name of publisher, distributor, etc Scholastic Inc.,
Date of publication, distribution, etc c1974.
300 ## - PHYSICAL DESCRIPTION
Extent 216 p. :
Other physical details ill. ;
Dimensions 17 cm.
562 ## - COPY AND VERSION IDENTIFICATION NOTE
Number of copies 1
650 ## - SUBJECT ADDED ENTRY--TOPICAL TERM
Topical term or geographic name as entry element United States
General subdivision History
9 (RLIN) 20709
651 #0 - SUBJECT ADDED ENTRY--GEOGRAPHIC NAME
Geographic name United States
General subdivision History
Chronological subdivision Revolution, 1775-1783
General subdivision Juvenile fiction.
9 (RLIN) 20710
655 #7 - INDEX TERM--GENRE/FORM
Genre/form data or focus term Historical fiction.
Source of term gsafd
9 (RLIN) 2926
700 1# - ADDED ENTRY--PERSONAL NAME
Personal name Collier, Christopher,
Dates associated with a name 1930-
Relator term joint author.
9 (RLIN) 20711
906 ## - LOCAL DATA ELEMENT F, LDF (RLIN)
a 7
b cbc
c orignew
d 1
e ocip
f 19
g y-gencatlg
942 ## - ADDED ENTRY ELEMENTS (KOHA)
Koha item type Books
Source of classification or shelving scheme Library of Congress Classification
Holdings
Withdrawn status Lost status Source of classification or shelving scheme Damaged status Home library Current library Shelving location Date acquired Total Checkouts Full call number Barcode Date last seen Copy number Price effective from Koha item type
    Library of Congress Classification   Luxembourg Library Luxembourg Library Fiction Section 09/17/2013   PZ 7 .C678 1974 5054 12/03/2014 1 09/17/2013 Books

My brother sam is dead

APA

Collier J. L., Collier C., . (1974). My brother sam is dead. New York: Scholastic Inc.

Chicago

Collier James Lincoln, Collier Christopher, . 1974. My brother sam is dead. New York: Scholastic Inc.

Harvard

Collier J. L., Collier C., . (1974). My brother sam is dead. New York: Scholastic Inc.

MLA

Collier James Lincoln, Collier Christopher, . My brother sam is dead. New York: Scholastic Inc. 1974.

  • Place hold
  • Print
  • Cite
  • Add to your cart (remove)
  • Save record
    BIBTEX Dublin Core MARCXML MARC (non-Unicode/MARC-8) MARC (Unicode/UTF-8) MARC (Unicode/UTF-8, Standard) MODS (XML) RIS
  • More searches
    Search for this title in:
    Other Libraries (WorldCat) Other Databases (Google Scholar) Online Stores (Bookfinder.com) Open Library (openlibrary.org)

Exporting to Dublin Core...

SOUTHVILLE LIBRARY

Southville International School and Colleges Library

1281 Tropical Ave. Cor. Luxembourg St., BF Homes International, Las Pinas City

Tel. No. 8256374 / 252358 Loc. 117/146

Powered by Koha